000 00204nam a2200109Ia 4500
100 _a#N/A
942 _cBK
245 _aWindows8 app development kit
260 _b#N/A
546 _aENGLISH
999 _c19425
_d19425